| 000 | 00714nam a2200205 i 4500 | ||
|---|---|---|---|
| 001 | 29789 | ||
| 003 | ES-MaACL | ||
| 005 | 20251015164527.0 | ||
| 007 | t| | ||
| 008 | 030122s1908 sp ||||1| spa d | ||
| 110 | 2 |
_aMuseo Nacional de Pintura y Escultura (España) _95904 |
|
| 245 | 1 | 0 |
_aCatálogo de la escultura / _cformado por Eduardo Barrón. |
| 260 |
_aMadrid : _b[s.n.], _c1908 ( _fJ. Lacoste) |
||
| 300 |
_a298 p., 92 lám. ; _c20 cm. |
||
| 610 | 2 | 7 |
_aMuseo Nacional de Pintura y Escultura (España)- _vCatálogos _2 _9148548 |
| 650 | 4 |
_aEscultura- _zMuseo Nacional del Prado. _9160006 |
|
| 700 | 1 |
_aBarrón, Eduardo, _d1858-1911 _926039 |
|
| 852 |
_aES-MaACL _jF-11886 |
||
| 999 |
_c29789 _d29789 |
||